| 000 | 00000nam##2200000za#4500 |
| 001 | 9.575701 |
| 003 | CaOODSP |
| 005 | 20210624184805 |
| 007 | cr ||||||||||| |
| 008 | 150406|2009||||xxc|||||o f|0| 0 eng|d |
| 040 | |aCaOODSP|beng |
| 043 | |an-cn--- |
| 086 | 1 |aTU3-5/09-3E-PDF |
| 110 | 2 |aTransportation Safety Board of Canada. |
| 245 | 10|aLoss of control – Collision with terrain - Strait Air 2000 Ltd. Britten-Norman Islander (BN.2A-27) C-FJJR, Port Hope Simpson, Newfoundland and Labrador 4 nm W, 07 June 2009 |h[electronic resource] |
| 260 | |aGatineau - Quebec : |bTransportation Safety Board of Canada |c[2009]. |
| 300 | |a13p.|bcoloured illus., figs. |
| 490 | 1 |aAviation investigation report |vA09A0036 |
| 590 | |a13-06-Supp|b2013-03-19 |
| 775 | 08|tPerte de maîtrise et collision avec le relief du Britten-Norman Islander (BN.2A-27) C-FJJR exploité par Strait Air 2000 Ltd à 4 nm à l'ouest de Port Hope Simpson (Terre-Neuve-et-Labrador), le 7 juin 2009 |w(CaOODSP)9.605174 |
| 830 | #0|aAviation investigation report ;|vA09A0036|w(CaOODSP)9.504825 |
| 856 | 40|ahttp://publications.gc.ca|qPDF|s1372 KB|uhttps://publications.gc.ca/collections/collection_2013/bst-tsb/TU3-5-09-3-eng.pdf|yA09A0036 |